| 000 | 00455cam a22001697a 4500 | ||
|---|---|---|---|
| 008 | 180718b2002 xxu||||| |||| 00| 0 eng d | ||
| 020 | _a0333915674 | ||
| 082 | _aT39 G294 | ||
| 100 | _aGeorge, Vic | ||
| 245 |
_aGlobalization and human welfare _cby Vic George and Paul Wilding |
||
| 260 |
_aHoundmills _bPalgrave _c2002 |
||
| 300 | _a231p. | ||
| 650 | _aGlobalization | ||
| 650 | _aSocial policy | ||
| 650 | _aHuman services | ||
| 700 | _aWilding, Paul | ||
| 999 |
_c399806 _d399806 |
||